000 00614nam a22001817a 4500
005 20251108164829.0
008 250721s1998 xx 000 0 ara d
082 1 4 _a813.909/أحم
100 1 _aخريس، أحمد
245 1 0 _aثنائيات إدوار الخراط النصية :
_bدراسة في السردية و تحولات المعنى /
264 1 _aعمان :
_bأزمنة للنشر و التوزيع،
_c1998.
300 _a173ص
490 0 _aدراسات - راوية
650 1 7 _aالنقد الأدبي
650 1 7 _aالروايات العربية
942 _2ddc
_cBK
999 _c15389
_d15389